000 00364 a2200169 4500
001 172586
020 _a85-08-04050-4
040 _cMagnum
100 _aFrança, Mary
240 1 0 _aBicho feio, bicho bonito
_lpor
245 1 0 _aBicho feio, bicho bonito
300 _a12
362 0 _a1995
440 1 _aÁtica
697 _aLITERATURA INFANTIL
942 _cBK
999 _c172586
_d172586